000 00380pab a2200145 454500
008 180718b2004-2005 xxu||||| |||| 00| 0 eng d
100 _aMandersheid, Ronald W.
245 _aInformation technology can drive transformation
260 _c2004-2005
300 _ap.3-16.
362 _aWinter
650 _aInformation technology
773 _aPublic Manager
909 _a65580
999 _c65580
_d65580